000 01045nam a22003017a 4500
001 680
005 20240223102111.0
020 _a0399234713
040 _aDLC
_cDLC
_dDLC
_beng
050 0 0 _aPZ7.D2394
_bOr 2005
082 0 0 _a[Fic]
_222
100 1 _aDanziger, Paula,
_d1944-2004.
245 1 0 _aOrange you glad it's Halloween, Amber Brown? /
_cPaula Danziger ; illustrated by Tony Ross.
246 3 _aOrange you glad it is Halloween, Amber Brown?
260 _aNew York :
_bPuffin Books,
_c2005.
300 _a48 pages :
_bcolor illustrations ;
_c23 cm.
490 1 _aA is for Amber
505 _aK
520 _aAmber Brown and her classmates celebrate Halloween, while Amber wonders if her parents' arguing will ruin the holiday for her.
521 _a530
_bLexile
521 _aK
_bRaz-Plus
650 1 _aHalloween
_vFiction.
650 1 _aSchools
_vFiction.
650 1 _aFighting (Psychology)
_vFiction.
700 1 _aRoss, Tony,
_eillustrator.
906 _a7
_bcbc
_corignew
_d1
_eecip
_f20
_gy-gencatlg
942 _2ddc
_cBK
_n0
999 _c680
_d680